Legal project management: field guide. Five tools for busy professionals

Guardat en:
Dades bibliogràfiques
Autor principal: Levy, Steven B (Autor)
Format: Llibre
Idioma:anglès
Publicat: Seattle DayPack Books 2014
Edició:1a. ed
Matèries:
Etiquetes: Afegir etiqueta
Sense etiquetes, Sigues el primer a etiquetar aquest registre!

MARC

LEADER 00000cam a2200000 a 4500
001 UCE5851
003 CL-VaPUC
008 150312e20140000us |||||||||||||||||eng|d
020 |a 9781499191165 
082 0 4 |a 340.068  |b LEV  |2 21 
100 |a Levy, Steven B  |e author  |9 578523 
245 1 0 |a Legal project management: field guide. Five tools for busy professionals 
250 |a 1a. ed 
300 |a 236 p 
942 |c BK 
945 |d 20150312 12:37:00  |a dcastane 
260 |a Seattle  |b DayPack Books  |c 2014 
650 7 |a DERECHO  |2 CL-VaPUC  |9 578522 
650 0 |a Gerencia  |9 434172 
650 0 |a Teoría del derecho  |9 255982 
650 0 |a Filosofía del derecho   |9 255050 
583 |a last modification  |c 20150312 12:37:00  |k Rodrigo Vera 
999 |c 358417  |d 358415 
952 |0 0  |1 0  |3 erb  |4 0  |6 340_068000000000000_LEV_2014  |7 0  |8 A  |9 467105  |a BIBDER  |b BIBDER  |i 5138949  |l 1  |m 3  |o 340.068 LEV 2014  |p 5138949  |q 2025-12-31  |r 2020-03-13  |s 2020-03-13  |w 2019-11-23  |y BK  |z Catalogado en:20150312  |k DER